Marques de cigarettes - Statistiques

Statistiques générales
  • Ce quiz a été pris 13 fois
  • Le résultat moyen est 10 sur 40
Statistiques - réponses
Hint Réponse % Correct
Etats-Unis Camel
100%
France Gauloises
100%
Royaume-Uni Lucky Strike
100%
Etats-Unis Marlboro
83%
Etats-Unis Philip Morris
83%
Etats-Unis Winston
83%
France News
67%
Royaume-Uni Vogue
67%
France Gitanes
50%
Royaume-Uni Dunhill
33%
Espagne Fortuna
33%
Pays-Bas Peter Stuyvesant
33%
Royaume-Uni Bastos
17%
Japon Benson & Hedges
17%
Etats-Unis Chesterfield
17%
Royaume-Uni Craven A
17%
Royaume-uni Davidoff
17%
Pays-bas Drum
17%
Royaume-Uni Rothmans
17%
Australie Winfield
17%
Etats-Unis Basic
0%
Pays-Bas Black Devil
0%
Etats-Unis Brown & Williamson
0%
Roumanie Carpati
0%
Indonésie Djarum
0%
Indonésie Dji Sam Soe 234
0%
Canada du Maurier
0%
Luxembourg Elixyr
0%
Canada Export
0%
Royaume-Uni John Player
0%
Afrique du sud Kent
0%
Canada Macdonald
0%
Etats-Unis Natural American Spirit
0%
Suisse Parisienne
0%
Portugal Ritz
0%
France Rizla+
0%
Portugal SG
0%
Royaume-Uni State Express 555
0%
Etats-Unis Tareyton
0%
Etats-Unis Virginia Slims
0%
Aucun quiz correspondant
Distribution des résultats
% des personnes avec chaque résultat
Percentile par nombre de réponses
Votre historique - résultats
Vous n’avez pas pris ce quiz